Datum a čas kvízu
20
Celkem bodů
Celkový počet nahraných bodů na tomto kvízu bez doplňovacích otázek.
6.
Pořadí na kvízu
Konečné umístění týmu na tomto kvízu.
Zaznamenané odpovědi
| # | Otázka | Odpověď | Body | Výsledky |
|---|---|---|---|---|
| 1. | Český marketér a komentátor Ma... | 0.5 | ||
| 2. | Pět nenechavců ve Španělsku se... | 0 | ||
| 3. | Ve čtvrtek přišel do kin celov... | 0 | ||
| 4. | Česká pošta od 1. února zvýšil... | 1 | ||
| 5. | Norští sportovci musejí před b... | 1 | ||
| 6. | Toto téma jste si na facebooko... | 0 | ||
| 7. | Přiřaďte k sobě správně české... | 1 | ||
| 5. | Tenké střevo člověka se obecně... | 1 | ||
| 5. | Díky speciální metodě konzerva... | 0 | ||
| 5. | Jak se jmenuje druhá největší... | 0 |